000 00969nam a2200241 4500
999 _c21142
_d21142
003 AR-CdUCM
008 190320b ||||| |||| 00| 0 spa d
020 _a9786120037232
040 _aMUNICIPALIDAD PROVINCIAL DEL CUSCO
_cBIBLIOTECA MUNICIPAL DEL CUSCO
082 _a372.357 / D97
_bD97
100 _aDueñas Pareja, Elizabeth
_920414
245 _aGerencia educativa /
_cElizabeth Dueñas Pareja
260 _aCusco :
_bAquarela,
_c2018.
300 _a228 paginas ;
_c20 cm.
505 _aContenido: La gerencia educativa -- Enfoques de gestión educativa -- Proceso de gestión educativa -- Cultura y clima organizacional -- Calidad y educación -- Las organizaciones escolares -- Planeamiento estratégico.
650 _aEducación
_9460
650 _aGestión educativa
_912672
650 _aCalidad educativa
_944143
650 _aOrganizaciones escolares
_944144
700 _aQuillahuaman Lasteros, Julio
_920412
942 _2ddc
_cLIBROS
945 _aRoel